| 000 | 00734nam a2200205Ii 4500 | ||
|---|---|---|---|
| 003 | JO-AjNU | ||
| 008 | 230605s9999||||xx |||||||||||||| ||und|| | ||
| 040 |
_aJO-AjNU _bara _erda _cJO-AjNU |
||
| 041 | _aara | ||
| 050 | 1 | 4 | _aK3400.1996 |
| 100 | 3 |
_aإعداد الدائرة القانونية بأمانة عمان الكبرى, _eauthor _947186 |
|
| 245 | 0 | 0 | _aمجموعة القوانين والأنظمة الخاصة بأمانة عمان الكبرى |
| 250 | _aط2 | ||
| 264 | 3 | 1 | _aعمان: أمانة عمان الكبرى،1995 |
| 300 | _a375ص | ||
| 336 |
_atext _btxt _2rdacontent |
||
| 337 |
_aunmediated _bn _2rdamedia |
||
| 338 |
_avolume _bnc _2rdacarrier |
||
| 650 | 4 |
_aقانون اداري -- بلديات _947187 |
|
| 999 |
_aA20581 _c24149 _d24149 |
||